[Event "DEN-ch Seniors 65"]
[Site "Logumkloster"]
[Date "2020.02.15"]
[Round "7"]
[White "Morling, Aase"]
[Black "Palm, Eivind"]
[Result "1/2-1/2"]
[WhiteElo "1420"]
[BlackElo "1851"]
[PlyCount "127"]
[EventDate "2020.02.09"]
[EventType "swiss"]
[EventRounds "7"]
[EventCountry "DEN"]
[SourceTitle "EXT 2021"]
[Source "ChessBase"]
[SourceDate "2020.10.23"]
[SourceVersion "1"]
[SourceVersionDate "2020.10.23"]
[SourceQuality "1"]

1. e4 c5 2. c3 d5 3. exd5 Qxd5 4. d4 e5 5. Nf3 Bg4 6. Be2 cxd4 7. cxd4 Bb4+ 8. Nc3 exd4 9. Qxd4 Qxd4 10. Nxd4 Bxe2 11. Ndxe2 Nc6 12. 0-0 Nge7 13. a3 Ba5 14. b4 Bb6 15. Bb2 0-0 16. Rad1 Rad8 17. Na4 Bc7 18. Nc5 b6 19. Na6 Be5 20. Bxe5 Nxe5 21. Rd4 Rxd4 22. Nxd4 Rd8 23. f4 Rxd4 24. fxe5 g6 25. Rc1 Rd7 26. Nb8 Rb7 27. Na6 Kf8 28. b5 Nd5 29. Kf2 Nf4 30. Kf3 Nd3 31. Rc8+ Ke7 32. Ke4 Rd7 33. Nb8 Nc5+ 34. Kf3 Rd3+ 35. Ke2 Rxa3 36. Nc6+ Ke6 37. Re8+ Kd5 38. Re7 Ke4 39. Rxf7 Ra2+ 40. Kd1 Rxg2 41. Rxh7 Rb2 42. Nxa7 Kxe5 43. h4 Kf5 44. Rh8 Rh2 45. Rb8 Na4 46. Nc8 Nc3+ 47. Ke1 Nxb5 48. Rxb6 Nd4 49. Ne7+ Ke4 50. Kf1 Rxh4 51. Rxg6 Rh2 52. Ng8 Nf5 53. Kg1 Ra2 54. Nf6+ Kf3 55. Rg5 Ne3 56. Rg8 Ra1+ 57. Kh2 Nf1+ 58. Kh3 Ra2 59. Kh4 Ne3 60. Kh5 Kf4 61. Rf8 Ra5+ 62. Kg6 Rg5+ 63. Kf7 Rf5 64. Kg6 1/2-1/2

[Event "Grenzturnering 10th"]
[Site "Leck,Tonder,Niebuell,Logumklo"]
[Date "2019.10.25"]
[Round "2"]
[White "Langner, Michel"]
[Black "Palm, Eivind"]
[Result "1-0"]
[WhiteElo "1811"]
[BlackElo "1867"]
[PlyCount "99"]
[EventDate "2019.09.20"]
[EventType "swiss"]
[EventRounds "9"]
[EventCountry "DEN"]
[SourceTitle "EXT 2021"]
[Source "ChessBase"]
[SourceDate "2020.10.23"]
[SourceVersion "1"]
[SourceVersionDate "2020.10.23"]
[SourceQuality "1"]

1. e4 c5 2. f4 Nf6 3. Nc3 d5 4. e5 d4 5. exf6 dxc3 6. Bb5+ Bd7 7. fxg7 cxd2+ 8. Qxd2 Bxg7 9. Bxd7+ Nxd7 10. Nf3 0-0 11. 0-0 Nf6 12. Qe2 Qc7 13. c3 Rad8 14. Ng5 h6 15. Nf3 a6 16. Nh4 e6 17. f5 Qc6 18. fxe6 Qxe6 19. Qf2 Rd5 20. Nf5 Ng4 21. Qf4 h5 22. Qg5 Rxf5 23. Qxf5 Qxf5 24. Rxf5 Re8 25. Bf4 Re2 26. Rb1 c4 27. h3 Nf6 28. Be5 Ne4 29. Bxg7 Kxg7 30. Rxh5 Kg6 31. Rd5 b6 32. Rd4 f6 33. a3 b5 34. a4 Nd2 35. Rd1 Nb3 36. Rg4+ Kf5 37. axb5 axb5 38. Rd5+ Re5 39. Rxe5+ fxe5 40. Rg8 Nc1 41. h4 Nd3 42. h5 Nxb2 43. h6 Nd1 44. h7 Nxc3 45. h8Q b4 46. Qh7+ Kf4 47. Qc2 e4 48. Qd2+ Ke5 49. Re8+ Kf5 50. Qf2+ 1-0

[Event "Border op 9th"]
[Site "Niebuell,Leck,Tonder,Oster Ho"]
[Date "2019.02.08"]
[Round "6"]
[White "Palm, Eivind"]
[Black "Ambog, Ejvind Osterby"]
[Result "1/2-1/2"]
[WhiteElo "1813"]
[BlackElo "1864"]
[PlyCount "62"]
[EventDate "2018.09.24"]
[EventType "swiss"]
[EventRounds "9"]
[EventCountry "DEN"]
[SourceTitle "EXT 2020"]
[Source "ChessBase"]
[SourceDate "2019.10.17"]
[SourceVersion "1"]
[SourceVersionDate "2019.10.17"]
[SourceQuality "1"]

1. Nf3 f5 2. d4 Nf6 3. c4 g6 4. Nc3 Bg7 5. g3 0-0 6. Bg2 d6 7. 0-0 c6 8. Re1 Ne4 9. Qc2 Nxc3 10. bxc3 e5 11. d5 Qe8 12. e4 f4 13. Qd3 fxg3 14. fxg3 c5 15. Rf1 Bd7 16. Rb1 b6 17. Bg5 Na6 18. Nd2 Nc7 19. Qe3 Rc8 20. Rxf8+ Qxf8 21. Rf1 Qe8 22. Bh6 Bxh6 23. Qxh6 Qe7 24. Bh3 Bxh3 25. Qxh3 Rf8 26. Rxf8+ Kxf8 27. Qc8+ Ne8 28. Nf3 h6 29. Kg2 Kg7 30. h3 Nf6 31. Nd2 Qd7 1/2-1/2

[Event "Border op 9th"]
[Site "Niebuell,Leck,Tonder,Oster Ho"]
[Date "2019.01.07"]
[Round "5"]
[White "Knuetter, Sven"]
[Black "Palm, Eivind"]
[Result "1-0"]
[WhiteElo "1853"]
[BlackElo "1813"]
[PlyCount "99"]
[EventDate "2018.09.24"]
[EventType "swiss"]
[EventRounds "9"]
[EventCountry "DEN"]
[SourceTitle "EXT 2020"]
[Source "ChessBase"]
[SourceDate "2019.10.17"]
[SourceVersion "1"]
[SourceVersionDate "2019.10.17"]
[SourceQuality "1"]

1. b3 d5 2. Bb2 c5 3. e3 Nc6 4. f4 Nf6 5. Nf3 g6 6. Be2 Bg7 7. 0-0 0-0 8. d3 Re8 9. Ne5 Qc7 10. Nd2 Nd7 11. d4 Ndxe5 12. dxe5 Be6 13. a3 Rad8 14. Bg4 Bxg4 15. Qxg4 e6 16. Rad1 Ne7 17. Qe2 h5 18. Nf3 Nf5 19. Qf2 Qe7 20. Bc1 Rd7 21. Rfe1 Red8 22. Bb2 Bh6 23. g3 b5 24. Re2 d4 25. exd4 cxd4 26. Nxd4 Qc5 27. Red2 Bf8 28. b4 Qb6 29. Nb3 Ne3 30. Rxd7 Nxd1 31. Qxb6 axb6 32. Rxd8 Nxb2 33. Nd4 Kg7 34. Nxb5 Nc4 35. Rc8 Nxa3 36. Nxa3 Bxb4 37. Nc4 Bc5+ 38. Rxc5 bxc5 39. Kf2 f6 40. Ke3 g5 41. Nd2 fxe5 42. fxg5 Kg6 43. h4 Kf5 44. Ne4 c4 45. Nd6+ Kg4 46. g6 Kxg3 47. g7 Kxh4 48. g8Q Kh3 49. Kf2 h4 50. Qg2# 1-0

[Event "Border op 9th"]
[Site "Niebuell,Leck,Tonder,Oster Ho"]
[Date "2018.12.04"]
[Round "4"]
[White "Palm, Eivind"]
[Black "Wang, Peter"]
[Result "1-0"]
[WhiteElo "1813"]
[BlackElo "1909"]
[PlyCount "101"]
[EventDate "2018.09.24"]
[EventType "swiss"]
[EventRounds "9"]
[EventCountry "DEN"]
[SourceTitle "EXT 2020"]
[Source "ChessBase"]
[SourceDate "2019.10.17"]
[SourceVersion "1"]
[SourceVersionDate "2019.10.17"]
[SourceQuality "1"]

1. d4 d5 2. g3 c6 3. Bg2 f5 4. Nf3 Nf6 5. c4 e6 6. Nc3 Bd6 7. 0-0 0-0 8. c5 Bc7 9. b4 Nbd7 10. a4 e5 11. b5 Ne4 12. Nxe4 fxe4 13. Ng5 Qf6 14. Qb3 Kh8 15. Bh3 Nb8 16. Bxc8 Rxc8 17. dxe5 Bxe5 18. Ra2 Nd7 19. Rc2 h6 20. bxc6 bxc6 21. Nh3 Rab8 22. Qa3 Rf8 23. f3 exf3 24. Rxf3 Qg6 25. Qd3 Qxd3 26. Rxd3 Rb4 27. Nf4 Bxf4 28. Bxf4 Nf6 29. Bd6 Re8 30. Ra3 Ree4 31. a5 Ra4 32. Rxa4 Rxa4 33. Bc7 Ne4 34. Kg2 Kg8 35. Rb2 Nxc5 36. Rb8+ Kf7 37. Ra8 a6 38. Bb6 Nb3 39. Rxa6 c5 40. Ra7+ Ke6 41. Rxg7 c4 42. Rg6+ Ke5 43. Rxh6 c3 44. Bc7+ Kf5 45. Rh5+ Ke6 46. Rh6+ Kd7 47. Bf4 Rxa5 48. Rd6+ Ke7 49. Rc6 Rc5 50. Bd6+ Kd7 51. Rxc5 1-0

[Event "Grenzturnering 1617"]
[Site "Denmark"]
[Date "2017.05.15"]
[Round "9"]
[White "Heinemann, Guido"]
[Black "Palm, Eivind"]
[Result "0-1"]
[WhiteElo "1817"]
[BlackElo "1787"]
[PlyCount "70"]
[EventDate "2016.09.27"]
[EventType "swiss"]
[EventRounds "9"]
[EventCountry "DEN"]
[SourceTitle "EXT 2023"]
[Source "ChessBase"]
[SourceDate "2022.10.05"]
[SourceVersion "1"]
[SourceVersionDate "2022.10.05"]
[SourceQuality "1"]

1. e4 c5 2. b4 cxb4 3. Bb2 d5 4. exd5 Nf6 5. a3 Nxd5 6. axb4 Nxb4 7. Na3 N8c6 8. Bc4 Bf5 9. Nf3 e6 10. 0-0 Nd5 11. Ne5 Nxe5 12. Bxe5 a6 13. Bb3 Nf6 14. Qf3 Bxa3 15. Rxa3 0-0 16. Bxf6 Qxf6 17. Qxb7 Qg6 18. d3 a5 19. Rfa1 h5 20. Ra4 Rab8 21. Qf3 Bxd3 22. cxd3 Rxb3 23. Rxa5 Qxd3 24. Qxd3 Rxd3 25. Rxh5 Rc8 26. g3 Rd2 27. Ra7 g6 28. Rh4 e5 29. Ra3 Rcc2 30. Rf3 f5 31. Ra4 Kg7 32. h4 e4 33. Rf4 Rd1+ 34. Kg2 Rcc1 35. Ra7+ Kh6 0-1

[Event "DEN-ch Seniors 65+"]
[Site "Logumkloster"]
[Date "2017.02.18"]
[Round "7"]
[White "Palm, Eivind"]
[Black "Stald, Flemming"]
[Result "0-1"]
[WhiteElo "1848"]
[BlackElo "1945"]
[PlyCount "128"]
[EventDate "2017.02.12"]
[EventType "swiss"]
[EventRounds "7"]
[EventCountry "DEN"]
[SourceTitle "EXT 2018"]
[Source "ChessBase"]
[SourceDate "2017.10.13"]
[SourceVersion "1"]
[SourceVersionDate "2017.10.13"]
[SourceQuality "1"]

1. c4 c5 2. Nc3 Nf6 3. g3 g6 4. Bg2 Bg7 5. Nf3 Nc6 6. d4 cxd4 7. Nxd4 0-0 8. 0-0 Qb6 9. Nxc6 dxc6 10. Qc2 e5 11. Na4 Qc7 12. b3 b6 13. Bb2 Be6 14. Rfd1 Rad8 15. Rac1 Bf5 16. e4 Be6 17. Rxd8 Rxd8 18. Rd1 Ne8 19. Rd3 f6 20. Qd2 Rxd3 21. Qxd3 Qd7 22. Qxd7 Bxd7 23. Kf1 Kf7 24. Ke2 Bf8 25. Kd3 Nc7 26. Bc1 h5 27. Be3 Na6 28. Kc3 Be7 29. h4 Nc7 30. Nb2 c5 31. Kd3 Ne6 32. Nd1 Nd4 33. Nc3 Bd8 34. Nd5 a5 35. Bxd4 exd4 36. f4 b5 37. e5 fxe5 38. fxe5 b4 39. Nf4 Bc7 40. Bd5+ Kg7 41. e6 Be8 42. Ke4 Bxf4 43. Kxf4 Kf6 44. Ke4 g5 45. hxg5+ Kxg5 46. Ke5 Kg4 47. Be4 Kxg3 48. Kd6 Kf4 49. Bc6 Bg6 50. e7 h4 51. Kxc5 d3 52. e8Q Bxe8 53. Bxe8 h3 54. Kb5 d2 55. Bh5 h2 56. Kxa5 h1Q 57. Be2 Qb7 58. c5 Ke5 59. Ba6 Qc7+ 60. Kxb4 d1Q 61. a4 Qd4+ 62. Ka3 Qcxc5+ 63. Ka2 Qd2+ 64. Ka1 Qcc1# 0-1

[Event "DEN-ch Seniors 65+"]
[Site "Logumkloster"]
[Date "2017.02.17"]
[Round "6"]
[White "Rasmussen, Jens"]
[Black "Palm, Eivind"]
[Result "0-1"]
[WhiteElo "1720"]
[BlackElo "1848"]
[PlyCount "106"]
[EventDate "2017.02.12"]
[EventType "swiss"]
[EventRounds "7"]
[EventCountry "DEN"]
[SourceTitle "EXT 2018"]
[Source "ChessBase"]
[SourceDate "2017.10.13"]
[SourceVersion "1"]
[SourceVersionDate "2017.10.13"]
[SourceQuality "1"]

1. d4 e6 2. Nf3 f5 3. Nc3 Nf6 4. a3 b6 5. Bg5 Bb7 6. e3 Be7 7. Bd3 0-0 8. Bxf6 Bxf6 9. e4 fxe4 10. Nxe4 Bxe4 11. Bxe4 d5 12. Bd3 c5 13. c3 Qe8 14. 0-0 Qh5 15. Re1 cxd4 16. cxd4 Nc6 17. Rc1 Rac8 18. Bb1 Qf7 19. Qd3 g6 20. Rc2 Ne7 21. Qe2 Rxc2 22. Bxc2 Nf5 23. Bxf5 exf5 24. Qe6 Qxe6 25. Rxe6 Rc8 26. g3 Kf7 27. Rd6 Ke7 28. Rxd5 a6 29. Re5+ Bxe5 30. Nxe5 Ke6 31. Kg2 Rc2 32. Nd3 Rd2 33. Nf4+ Kd6 34. b3 Rxd4 35. h4 Rd2 36. Kf3 Rb2 37. b4 Rb3+ 38. Ke2 Rxa3 39. Nd3 Kd5 40. Kd2 Kd4 41. Nc1 Kc4 42. Ke2 Kxb4 43. Nd3+ Rxd3 44. Kxd3 a5 45. f3 a4 46. Kc2 Kc4 47. g4 b5 48. h5 Kd4 49. hxg6 hxg6 50. gxf5 gxf5 51. Kd2 b4 52. Ke2 a3 53. Kf2 f4 0-1

[Event "DEN-ch Seniors 65+"]
[Site "Logumkloster"]
[Date "2017.02.14"]
[Round "3"]
[White "Palm, Eivind"]
[Black "Fjordside, Arne Dan"]
[Result "0-1"]
[WhiteElo "1848"]
[BlackElo "1926"]
[PlyCount "48"]
[EventDate "2017.02.12"]
[EventType "swiss"]
[EventRounds "7"]
[EventCountry "DEN"]
[SourceTitle "EXT 2018"]
[Source "ChessBase"]
[SourceDate "2017.10.13"]
[SourceVersion "1"]
[SourceVersionDate "2017.10.13"]
[SourceQuality "1"]

1. d4 Nf6 2. c4 e6 3. g3 d5 4. Bg2 Be7 5. Nf3 0-0 6. 0-0 c6 7. Qc2 Nbd7 8. cxd5 exd5 9. Rd1 Re8 10. Nbd2 Bd6 11. e3 Nf8 12. a3 Bg4 13. b4 a6 14. Bb2 Qe7 15. Re1 Ng6 16. Nb3 Ne4 17. Nc5 Bf5 18. Qd1 Bg4 19. Qc1 Bf5 20. Nd2 Ng5 21. e4 Nh3+ 22. Kf1 Bg4 23. e5 Ngf4 24. exd6 Be2+ 0-1

[Event "Grenzturnering 1617"]
[Site "Denmark"]
[Date "2016.10.20"]
[Round "1"]
[White "Palm, Eivind"]
[Black "Jensen, Jakob Kamp"]
[Result "1-0"]
[WhiteElo "1787"]
[BlackElo "1842"]
[PlyCount "95"]
[EventDate "2016.09.27"]
[EventType "swiss"]
[EventRounds "9"]
[EventCountry "DEN"]
[SourceTitle "EXT 2023"]
[Source "ChessBase"]
[SourceDate "2022.10.05"]
[SourceVersion "1"]
[SourceVersionDate "2022.10.05"]
[SourceQuality "1"]

1. Nf3 d6 2. d4 Nf6 3. g3 b6 4. Bg2 Bb7 5. 0-0 Nbd7 6. c4 g6 7. Nc3 Bg7 8. b4 a5 9. b5 0-0 10. Bb2 c5 11. bxc6 Bxc6 12. Re1 e5 13. dxe5 Nxe5 14. Nxe5 Bxg2 15. Nxf7 Rxf7 16. Kxg2 Ng4 17. Rf1 Rxf2+ 18. Kg1 Rg2+ 19. Kxg2 Ne3+ 20. Kg1 Nxd1 21. Raxd1 Qe7 22. Nd5 Qxe2 23. Bxg7 Kxg7 24. Rde1 Qxc4 25. Re7+ Kh6 26. Ne3 Qd4 27. Rff7 Rh8 28. h4 Qa1+ 29. Kg2 Qxa2+ 30. Kh3 Qxf7 31. Rxf7 g5 32. Rf6+ Kg7 33. hxg5 Rb8 34. Nf5+ Kg8 35. Rxd6 a4 36. Ne7+ Kf7 37. Nc6 Rc8 38. Ne5+ Ke7 39. Rxb6 Ra8 40. Rb2 Kd6 41. Nc4+ Kc5 42. Na3 Kd4 43. Rb7 Kc3 44. Kh4 Ra6 45. Kh5 Re6 46. Nb5+ Kc4 47. Na3+ Kd3 48. Rxh7 1-0

[Event "Grenzturnering Master 1516"]
[Site "Denmark"]
[Date "2016.03.08"]
[Round "6"]
[White "Palm, Eivind"]
[Black "Isler, Benjamin"]
[Result "1/2-1/2"]
[WhiteElo "1788"]
[BlackElo "1651"]
[PlyCount "88"]
[EventDate "2015.10.20"]
[EventType "tourn"]
[EventRounds "9"]
[EventCountry "DEN"]
[SourceTitle "EXT 2023"]
[Source "ChessBase"]
[SourceDate "2022.10.05"]
[SourceVersion "1"]
[SourceVersionDate "2022.10.05"]
[SourceQuality "1"]

1. c4 c6 2. Nc3 d5 3. d4 e6 4. e3 Nf6 5. Nf3 Bb4 6. Bd2 Nbd7 7. a3 Bd6 8. c5 Bc7 9. b4 0-0 10. Bd3 e5 11. dxe5 Nxe5 12. Nxe5 Bxe5 13. 0-0 Qc7 14. f4 Bxc3 15. Bxc3 Qe7 16. Bd4 Ne4 17. f5 f6 18. Ra2 g6 19. fxg6 hxg6 20. Bxe4 Qxe4 21. Rf4 Qe6 22. Raf2 f5 23. Qf3 Rf7 24. Rh4 Kf8 25. Rh8+ Ke7 26. Qg3 Rf8 27. Qh4+ Ke8 28. Rxf8+ Kxf8 29. Qh8+ Qg8 30. Qf6+ Ke8 31. Rf4 Qf7 32. Qh8+ Qf8 33. Rh4 Be6 34. Qxf8+ Kxf8 35. Kf2 a5 36. Be5 axb4 37. axb4 Bg8 38. Rf4 Ke7 39. g4 Ke6 40. Bd6 Ra2+ 41. Kg3 Re2 42. gxf5+ gxf5 43. Rf3 Rb2 44. Rf4 Re2 1/2-1/2

[Event "Grenzturnering Master 1516"]
[Site "Denmark"]
[Date "2015.11.17"]
[Round "2"]
[White "Palm, Eivind"]
[Black "Hansen, Hans Valdemar"]
[Result "1-0"]
[WhiteElo "1788"]
[BlackElo "1812"]
[PlyCount "91"]
[EventDate "2015.10.20"]
[EventType "tourn"]
[EventRounds "9"]
[EventCountry "DEN"]
[SourceTitle "EXT 2023"]
[Source "ChessBase"]
[SourceDate "2022.10.05"]
[SourceVersion "1"]
[SourceVersionDate "2022.10.05"]
[SourceQuality "1"]

1. Nf3 d5 2. d4 Bf5 3. g3 e6 4. Bg2 c5 5. 0-0 Nc6 6. c4 dxc4 7. Qa4 Be4 8. Nbd2 Bxf3 9. Nxf3 Qd7 10. dxc5 Bxc5 11. Rd1 Qc8 12. Qxc4 Bb6 13. Bf4 Nge7 14. Rac1 0-0 15. Ne5 Nxe5 16. Qxc8 Raxc8 17. Bxe5 Nc6 18. Bxc6 bxc6 19. Rd7 f6 20. Bc3 c5 21. Rcd1 Rfd8 22. a4 Rxd7 23. Rxd7 Bc7 24. f4 Kf8 25. Kf2 Bb8 26. Kf3 Kg8 27. g4 e5 28. fxe5 fxe5 29. h3 a6 30. Ke4 c4 31. Kd5 g6 32. Re7 h5 33. Re6 Kf7 34. Rxa6 hxg4 35. hxg4 Rc7 36. Rc6 Rxc6 37. Kxc6 Kf6 38. Bd2 Ba7 39. Kd5 Bd4 40. Bc3 Ba7 41. Bxe5+ Kg5 42. Kxc4 Kxg4 43. b4 Kf5 44. Bc7 g5 45. b5 Be3 46. b6 1-0

[Event "Grenzturnering-A 1415"]
[Site "Denmark"]
[Date "2015.04.27"]
[Round "7"]
[White "Palm, Eivind"]
[Black "Falsig, Niels"]
[Result "1/2-1/2"]
[WhiteElo "1884"]
[BlackElo "1980"]
[PlyCount "83"]
[EventDate "2014.09.23"]
[EventType "tourn"]
[EventRounds "7"]
[EventCountry "DEN"]
[SourceTitle "EXT 2023"]
[Source "ChessBase"]
[SourceDate "2022.10.05"]
[SourceVersion "1"]
[SourceVersionDate "2022.10.05"]
[SourceQuality "1"]

1. c4 c5 2. g3 g6 3. Bg2 Bg7 4. Nc3 Nc6 5. Nf3 Nf6 6. d4 cxd4 7. Nxd4 0-0 8. 0-0 a6 9. Nxc6 bxc6 10. Qd3 Qc7 11. Rd1 d6 12. b3 Bf5 13. e4 Bg4 14. f3 Bc8 15. Be3 c5 16. Rac1 Bb7 17. Nd5 Nxd5 18. exd5 Bc8 19. Re1 a5 20. Qd2 Bd7 21. Bg5 f6 22. Bh6 Rfe8 23. Bxg7 Kxg7 24. a4 Rab8 25. Re3 e5 26. dxe6 Bxe6 27. Rce1 Bf7 28. f4 Rxe3 29. Rxe3 Rb4 30. Bf3 Qd7 31. Rd3 Qf5 32. g4 Qc8 33. Bd1 Qb7 34. Qg2 Qb8 35. g5 f5 36. Qb2+ Kg8 37. Qd2 d5 38. Rxd5 Bxd5 39. Qxd5+ Kg7 40. Qxc5 Qxf4 41. Qe7+ Kg8 42. Qe8+ 1/2-1/2

[Event "Tonder Byturnering A"]
[Site "Tonder"]
[Date "2015.??.??"]
[Round "4"]
[White "Palm, Eivind"]
[Black "Larsen, Kaj Elkjaer"]
[Result "1-0"]
[WhiteElo "1867"]
[BlackElo "1847"]
[PlyCount "73"]
[EventDate "2015.??.??"]
[EventType "swiss"]
[EventRounds "4"]
[EventCountry "DEN"]
[SourceTitle "EXT 2024"]
[Source "ChessBase"]
[SourceDate "2023.10.10"]
[SourceVersion "1"]
[SourceVersionDate "2023.10.10"]
[SourceQuality "1"]

1. d4 Nf6 2. g3 d5 3. Bg2 Bf5 4. c4 e6 5. Nc3 c6 6. Nf3 Nbd7 7. cxd5 exd5 8. 0-0 Bd6 9. Re1 0-0 10. Nh4 Bg6 11. a3 Re8 12. Nxg6 hxg6 13. b4 a6 14. Bg5 Qb8 15. e4 dxe4 16. Nxe4 Nxe4 17. Rxe4 Rxe4 18. Bxe4 Nf6 19. Bg2 a5 20. bxa5 Rxa5 21. Bc1 Qa8 22. a4 Nd5 23. Bd2 Ra7 24. Bxd5 cxd5 25. Qb3 Bf8 26. a5 Qd8 27. Rb1 Be7 28. Qb6 Qa8 29. Rb5 Bd8 30. Qc5 b6 31. axb6 Ra1+ 32. Kg2 Qa4 33. Ra5 Qd1 34. Rxa1 Qxa1 35. Qc8 Qxd4 36. Qxd8+ Kh7 37. Qh4+ 1-0

[Event "Grenzturnering 1314"]
[Site "Denmark"]
[Date "2014.02.25"]
[Round "5"]
[White "Palm, Eivind"]
[Black "Karstensen, Christian"]
[Result "1/2-1/2"]
[WhiteElo "1918"]
[BlackElo "1973"]
[PlyCount "89"]
[EventDate "2013.09.24"]
[EventType "swiss"]
[EventRounds "7"]
[EventCountry "DEN"]
[SourceTitle "EXT 2023"]
[Source "ChessBase"]
[SourceDate "2022.10.05"]
[SourceVersion "1"]
[SourceVersionDate "2022.10.05"]
[SourceQuality "1"]

1. d4 d5 2. g3 Nf6 3. Bg2 e6 4. Nf3 c5 5. 0-0 Nc6 6. c3 Be7 7. dxc5 Bxc5 8. b4 Bd6 9. a3 0-0 10. Bg5 h6 11. Bxf6 Qxf6 12. Qb3 Rd8 13. Nbd2 Bf8 14. c4 dxc4 15. Nxc4 e5 16. b5 Nd4 17. Nxd4 exd4 18. Rac1 Rb8 19. Rfd1 Be6 20. Qd3 b6 21. Nd2 Bd5 22. Bxd5 Rxd5 23. Rc7 Bc5 24. Rxa7 Re8 25. Ne4 Qe5 26. Nxc5 bxc5 27. Qf3 f5 28. b6 Rdd8 29. Qb3+ Kh8 30. Qf7 Rg8 31. Re7 Qd6 32. b7 c4 33. Rc7 d3 34. Qxc4 dxe2 35. Re1 Rge8 36. Qc3 Qg6 37. Rc8 Qe6 38. Rxd8 Rxd8 39. Qc7 Qe8 40. Rxe2 Rd1+ 41. Kg2 Qxe2 42. b8Q+ Kh7 43. Qe5 Qf1+ 44. Kf3 Rd3+ 45. Qe3 1/2-1/2

[Event "Tage Sorensen Memorial"]
[Site "Holbak"]
[Date "2001.06.29"]
[Round "7"]
[White "Palm, Eivind"]
[Black "Sivertsen, Palle"]
[Result "0-1"]
[WhiteElo "2000"]
[BlackElo "2168"]
[PlyCount "66"]
[EventDate "2001.06.23"]
[EventType "swiss"]
[EventRounds "9"]
[EventCountry "DEN"]
[SourceTitle "EXT 2002"]
[Source "ChessBase"]
[SourceDate "2001.11.25"]
[SourceVersion "1"]
[SourceVersionDate "2001.11.25"]
[SourceQuality "1"]

1. d4 b5 2. e4 Bb7 3. Bd3 e6 4. Nf3 c5 5. c3 Nf6 6. Qe2 a6 7. Bg5 h6 8. Bh4 Qb6 9. a4 Nc6 10. axb5 axb5 11. Rxa8+ Bxa8 12. dxc5 Bxc5 13. b4 Be7 14. 0-0 0-0 15. Na3 g5 16. Bg3 Na7 17. Nxg5 hxg5 18. Be5 d6 19. Bxf6 Bxf6 20. e5 dxe5 21. Qh5 Rd8 22. Bh7+ Kg7 23. Bc2 Rh8 24. Qd1 e4 25. c4 bxc4 26. Nxc4 Qxb4 27. Ne3 Nc6 28. Ba4 Ne5 29. Qc2 Qd6 30. Rd1 Nd3 31. h3 Qf4 32. Bb3 Bd4 33. g3 Qf3 0-1